| 000 | 00932cab a2200253 4500 | ||
|---|---|---|---|
| 001 | WB2734-10 | ||
| 008 | 090401t1991 xxu||||| |||| 00| 0 eng d | ||
| 035 | _a(Sirsi) u69595 | ||
| 041 | _aeng | ||
| 245 | _aCommercial property unit trusts | ||
| 260 | _c1991 | ||
| 350 | _a0 | ||
| 490 |
_aIndependent _v3 September 1991, 18 |
||
| 490 |
_aFinancial Times _v4 SEptember 1991, 8 |
||
| 490 |
_aMoney Week _v(222) 4 September 1991, 1 |
||
| 490 |
_aDaily Telegraph _v5 September 1991, 23(2) |
||
| 520 | _aNorwich Union and Barclays Unicorn have launched unit trusts allowing direct private investment in commercial property , following authorisation from the Securities and Investment Board . | ||
| 650 | _aCOMMERCIAL PROPERTY UNIT TRUSTS | ||
| 650 | _aPRIVATE INVESTORS | ||
| 650 | _aPROPERTY BONDS | ||
| 690 | _aPROPERTY-COMMERCIAL PROPERTY-COMMERCIAL PROPERTY FINANCE AND INVESTMENT | ||
| 942 | _n0 | ||
| 948 | _c04/03/1997 | ||
| 999 |
_c43718 _d43718 |
||